| 000 | 00891nam a2200289 a 4500 | ||
|---|---|---|---|
| 001 | 24384 | ||
| 003 | CO-ViMGA | ||
| 008 | 141112s2004 ck r 000 u spa d | ||
| 020 | _a9789588445151 | ||
| 040 |
_aCO-ViMGA _bspa _cCO-ViMGA |
||
| 041 | _aSPA | ||
| 090 | _aC MAC2 | ||
| 100 | 1 |
_aMachado, Ana María, 1941 - _92626 |
|
| 245 | 1 | 0 |
_aNiña bonita / _cAna María Machado ; ilustrado por Rosana Faría |
| 250 | _a12a ed. | ||
| 260 |
_aCaracas : _bEkaré, _c2011 |
||
| 300 | _a24 p. : il. col. : il. | ||
| 490 | _aPonte poronte | ||
| 610 |
_aPREMIO HANS CHRISTIAN ANDERSEN, 2000 _935853 |
||
| 650 | 1 | 4 |
_aAUTORES BRASILEÑOS _91011 |
| 650 | 1 | 4 |
_aCUENTOS INFANTILES BRASILEÑOS _92375 |
| 650 | 1 | 4 |
_aLEER ES MI CUENTO - COLECCION 2011 _935854 |
| 650 | 1 | 4 |
_aLITERATURA INFANTIL _92746 |
| 650 | 1 | 4 |
_aRAZA NEGRA - CUENTO _935855 |
| 700 | 1 |
_aFaría, Rosana _935856 |
|
| 942 |
_2ddc _cBK |
||
| 999 |
_c2281 _d2281 |
||